| 000 | 00566nam a22002177a 4500 | ||
|---|---|---|---|
| 005 | 20240627155417.0 | ||
| 008 | 200707b2000 CR ||||| |||| 00| 0 spa d | ||
| 020 | _a9977651779 | ||
| 041 | _aESP | ||
| 082 | _a581.634 R696u | ||
| 100 |
_aRodríguez Navas, Hernán _957740 |
||
| 245 | _aLa utilidad de las plantas medicinales en Costa Rica | ||
| 260 | _aCosta Rica | ||
| 260 | _bEUNA | ||
| 260 | _c2007 | ||
| 300 | _a213 páginas | ||
| 505 | _aContiene imágenes a color | ||
| 650 | _aPLANTAS MEDICINALES | ||
| 650 | _aMEDICINA NATURAL | ||
| 942 |
_cBK _2ddc |
||
| 999 |
_c12629 _d12629 |
||